000 00642cam a2200193 4500
001 WB3715-29
008 000000n2001 000 0 eng u
035 _a(Sirsi) u112037
245 _aRates relief plan criticised
260 _c2001
490 _aFarmers Guardian
_v 6 April 2001, 9(1)
520 _aRICS claims that government plans to aid businesses affected by the foot and mouth crisis will not be enough due to the limits imposed on location and size of qualifying properties.
590 _aWB
650 _aFOOT-AND-MOUTH DISEASE
650 _aRATE RELIEF
650 _aRURAL ECONOMY
690 _aRural
_96268
942 _n0
999 _c66728
_d66728